00673cam a2200169 a 4500020003500000082003100035100002000066245010000086260003900186300003900225526003700264650000800301650003200309650003000341856006600371856006600437 a0412074818 (pbk. : alk. paper)00a388.068bSCHcL-39, P-183.1 aSchoon, John G.10aTransportation systems and service policy :ba project-based introduction /cby John G. Schoon. aNew York :bChapman & Hall,c1996. axi, 198 p. :bill., maps ;c23 cm. a0b0c0d388_068000000000000_SCH 0aMCE 0aTransportation engineering. 0aTransportationxPlanning.41uhttp://www.loc.gov/catdir/enhancements/fy0821/95048465-t.html42uhttp://www.loc.gov/catdir/enhancements/fy0821/95048465-d.html